Beabadoobee - Real Man - Statistics

General Stats
  • This quiz has been taken 231 times
  • The average score is 227 of 296
Answer Stats
Answer % Correct
you
99%
You
99%
a
98%
I
97%
man
97%
real
97%
be
94%
to
94%
do?
93%
no
93%
And
89%
and
89%
guess
88%
Guess
88%
not
88%
how
86%
it
84%
it,
84%
hold
83%
I'm
83%
the
83%
one
82%
if
81%
If
81%
romance
81%
taught
81%
want
80%
Would
79%
ever
78%
go
77%
me
77%
told
77%
just
76%
chance?
75%
silly
75%
what
75%
Why
74%
down
73%
gave
73%
take
73%
don't
72%
already
71%
baby,
71%
dance
70%
My
70%
my
70%
like
69%
mother
69%
Need
68%
reassurance,
68%
did,
67%
for
66%
kid
63%
used
63%
wanted
63%
out
62%
falling
61%
hand?
61%
simple
61%
being
59%
fast
59%
get
59%
lover?
59%
see
59%
too
59%
another?
58%
hope
58%
going
57%
With
57%
here
55%
last
55%
other
55%
disappointed,
54%
pull
54%
standing
52%
Could
50%
outstretched
50%
part
50%
band
48%
as
46%
of
46%
said
46%
second
43%
morning
41%
should
40%
Walking
40%
fleetin'
39%
forgive
39%
have
39%
you'd
39%
blue,
38%
Please
38%
door,
36%
thinking
36%
back
35%
it's
34%
expect
33%
beckon
32%
mentioned
32%
yeah,
30%
Locked
19%
No matching quizzes found
Score Distribution
Percent of People with Each Score
Percentile by Number Answered
Your Score History
You have not taken this quiz